Score 0/22 Timer 03:00
4 Plays Today
Hint Answer % Correct
The ____ SamaritanGood
95.1%
The Soup ____Nazi
93.5%
The ____ Buren BoysVan
90.9%
The ____ TubHot
90.1%
The Non-Fat ____Yogurt
89.1%
The ____ BiologistMarine
85.3%
The Puffy ____Shirt
83.9%
The ____ PatientEnglish
82.7%
The Cigar Store ____Indian
79.5%
The ____ SaladBig
77.8%
The Muffin ____Tops
72.9%
Hint Answer % Correct
The ____ RoasterChicken
67.2%
The ____ MailJunk
62.7%
The ____ HelloKiss
58.7%
The Lip ____Reader
53.3%
The Pledge ____Drive
47.2%
The Sniffing ____Accountant
42.5%
The ____ MakerLabel
38.8%
The ____ MessagePhone
30.7%
The ____ PainterFace
29.4%
The ____ MasterWig
27.6%
The ____ ManOld
23.4%

Today's Daily Dose

Remove Ads.
Support Sporcle.
Get the best of Sporcle when you Go Orange. This ad-free experience offers more features, more stats, and more fun while also helping to support Sporcle. Thank you for becoming a member.

You're not logged in!

Compare scores with friends on all Sporcle quizzes.
OR
Log In

Show Comments

Extras

Top Quizzes Today


Score Distribution

Your Account Isn't Verified!

In order to create a playlist on Sporcle, you need to verify the email address you used during registration. Go to your Sporcle Settings to finish the process.

Report this User

Report this user for behavior that violates our Community Guidelines.

Details: